The type 3 company / (Record no. 18008)
[ view plain ]
| 000 -LEADER | |
|---|---|
| fixed length control field | 01105 am a2200325ua 4500 |
| 001 - CONTROL NUMBER | |
| control field | 010065455 |
| 005 - DATE AND TIME OF LATEST TRANSACTION | |
| control field | 20140302112501.0 |
| 008 - FIXED-LENGTH DATA ELEMENTS--GENERAL INFORMATION | |
| fixed length control field | 871007t1987 xxka gr 001 0 eng d |
| 020 ## - INTERNATIONAL STANDARD BOOK NUMBER | |
| International Standard Book Number | 0566026643 |
| 020 ## - INTERNATIONAL STANDARD BOOK NUMBER | |
| International Standard Book Number | 9780566026645 |
| 040 ## - CATALOGING SOURCE | |
| Original cataloging agency | Uk |
| Transcribing agency | Uk |
| 041 1# - LANGUAGE CODE | |
| Language code of text/sound track or separate title | eng |
| Language code of original and/or intermediate translations of text | fre |
| 082 04 - DEWEY DECIMAL CLASSIFICATION NUMBER | |
| Classification number | 658 |
| Edition number | 22 |
| Item number | ARC |
| 100 1# - MAIN ENTRY--PERSONAL NAME | |
| Personal name | Archier, Georges |
| 9 (RLIN) | 35018 |
| 240 12 - UNIFORM TITLE | |
| Uniform title | <a href="L'entreprise du troisième type.">L'entreprise du troisième type.</a> |
| Language of a work | English |
| 245 14 - TITLE STATEMENT | |
| Title | The type 3 company / |
| Statement of responsibility, etc | Georges Archier and Hervé Sérieyx ; translated by Michael Johnson. |
| 246 33 - VARYING FORM OF TITLE | |
| Title proper/short title | The type three company |
| 260 ## - PUBLICATION, DISTRIBUTION, ETC. (IMPRINT) | |
| Place of publication, distribution, etc | Aldershot, United Kingdom : |
| Name of publisher, distributor, etc | Gower, |
| Date of publication, distribution, etc | c.1987. |
| 300 ## - PHYSICAL DESCRIPTION | |
| Extent | xiv,123 p. : |
| Other physical details | ill. ; |
| Dimensions | 23 cm. |
| 500 ## - GENERAL NOTE | |
| General note | Includes appendix. |
| 500 ## - GENERAL NOTE | |
| General note | Index : p. 119-123. |
| 546 ## - LANGUAGE NOTE | |
| Language note | Translation of: L'entreprise du troisième type. |
| 650 #0 - SUBJECT ADDED ENTRY--TOPICAL TERM | |
| Topical term or geographic name as entry element | Organizational effectiveness |
| 9 (RLIN) | 35021 |
| General subdivision | Case studies |
| 650 #0 - SUBJECT ADDED ENTRY--TOPICAL TERM | |
| Topical term or geographic name as entry element | Organizational change |
| 9 (RLIN) | 30975 |
| General subdivision | Case studies |
| 653 ## - INDEX TERM--UNCONTROLLED | |
| Resource For college | BAEPS, Business Administration |
| Arrived date list | February2014 |
| 655 ## - INDEX TERM--GENRE/FORM | |
| Form subdivision | |
| -- | 34232 |
| 700 1# - ADDED ENTRY--PERSONAL NAME | |
| Personal name | SeÌrieyx, HerveÌ |
| 9 (RLIN) | 35019 |
| 700 1# - ADDED ENTRY--PERSONAL NAME | |
| Personal name | Johnson, Michael |
| 9 (RLIN) | 35020 |
| Relator term | translator. |
| 942 ## - ADDED ENTRY ELEMENTS (KOHA) | |
| Source of classification or shelving scheme | Dewey Decimal Classification |
| Call number prefix | 658 ARC |
| Withdrawn status | Item status | Source of classification or shelving scheme | Damaged status | Not for loan | Vendor | Home library | Current library | Shelving location | Date acquired | Source of acquisition | Total Checkouts | Full call number | Barcode | Date last seen | Koha item type |
|---|---|---|---|---|---|---|---|---|---|---|---|---|---|---|---|
| Dewey Decimal Classification | Donation-Gift | Central Library | Central Library | First floor | 02/02/2014 | Donation | 658 ARC | 000035562 | 15/07/2025 | Book - Borrowing |